000 00815nam a2200313Ia 4500
003 OSt
005 20220912144626.0
006 a|||||r|||| 00| 0
007 ta
008 220909b |||||||| |||| 00| 0 eng d
020 _a0486653692 (pbk)
020 _aSL0859865
024 _a193324
037 _cTextual
040 _aCSL
_beng
_cCSL
041 _aeng
082 _aB7, M7
100 _aSegel Lee A
245 0 _aMathematics applied to continuum mechanics
260 _aNew York
_bDover Pub.
_c1987
300 _axviii, 590p. ill.
500 _aBibliography 571-578p.; Index 585-590p.
650 _a Viscous fluids
650 _a Water waves
650 _aMathematics
700 _aSegel Lee A
942 _hB7, M7
_cTEXL
_2CC
999 _c13966
_d13966